| 000 | 01270cam a2200301 i 4500 | ||
|---|---|---|---|
| 999 |
_c129114 _d129114 |
||
| 001 | 17688780 | ||
| 003 | ARRUPE | ||
| 005 | 20190305103951.0 | ||
| 008 | 130408s2013 nyu b 001 0 eng | ||
| 010 | _a 2013007955 | ||
| 020 | _a9781107004689 (hardback) | ||
| 020 | _a9780521181112 (paperback) | ||
| 040 |
_aDLC _beng _cDLC _erda _dDLC |
||
| 042 | _apcc | ||
| 050 | 0 | 0 |
_aJC71.A7 _bC37 2013 |
| 082 | 0 | 0 |
_a320.1 _223 |
| 245 | 0 | 4 |
_aThe Cambridge companion to Aristotle's politics / _cedited by Marguerite Deslauriers, McGill University and Pierre Destrée, University of Louvain. |
| 260 |
_aCambridge _bCambridge University Press _c2013 |
||
| 300 |
_axv, 426 p. ; _c23 cm |
||
| 504 | _aIncludes bibliographical references and indexes. | ||
| 600 | 0 | 0 |
_aAristotle. _tPolitics. _944949 |
| 650 | 0 |
_aPolitical science _vEarly works to 1800. _97011 |
|
| 700 | 1 |
_aDeslauriers, Marguerite, _d1956- _944950 |
|
| 906 |
_a7 _bcbc _corignew _d1 _eecip _f20 _gy-gencatlg |
||
| 942 |
_2lcc _cMONOGRAPH |
||